Young architects Americas / (Record no. 14812)
[ view plain ]
| 000 -LEADER | |
|---|---|
| fixed length control field | 01188cam a22003257a 4500 |
| 001 - CONTROL NUMBER | |
| control field | 15156680 |
| 003 - CONTROL NUMBER IDENTIFIER | |
| control field | EG-ScBUE |
| 005 - DATE AND TIME OF LATEST TRANSACTION | |
| control field | 20221016104744.0 |
| 008 - FIXED-LENGTH DATA ELEMENTS--GENERAL INFORMATION | |
| fixed length control field | 080118s2007 gw a f 001 0 eng d |
| 020 ## - INTERNATIONAL STANDARD BOOK NUMBER | |
| International Standard Book Number | 3937718702 |
| 020 ## - INTERNATIONAL STANDARD BOOK NUMBER | |
| International Standard Book Number | 9783937718705 |
| 035 ## - SYSTEM CONTROL NUMBER | |
| System control number | (OCoLC)ocn144686218 |
| 040 ## - CATALOGING SOURCE | |
| Original cataloging agency | SITPL |
| Language of cataloging | eng |
| Description conventions | rda |
| Transcribing agency | PUL |
| Modifying agency | SITPL |
| -- | BTCTA |
| -- | YDXCP |
| -- | TXH |
| -- | BAKER |
| -- | OHX |
| -- | DLC |
| -- | EG-ScBUE |
| 041 0# - LANGUAGE CODE | |
| Language code of text/sound track or separate title | eng |
| -- | ger |
| -- | spa |
| -- | ita |
| -- | fre |
| 043 ## - GEOGRAPHIC AREA CODE | |
| Geographic area code | n------ |
| -- | s------ |
| 082 04 - DEWEY DECIMAL CLASSIFICATION NUMBER | |
| Classification number | 720.9227 |
| Item number | YOU |
| Edition number | 22 |
| 245 00 - TITLE STATEMENT | |
| Title | Young architects Americas / |
| Statement of responsibility, etc | [editors, Erin Cullerton, Michelle Galindo]. |
| 264 #1 - PUBLICATION, DISTRIBUTION, ETC. (IMPRINT) | |
| Place of publication, distribution, etc | Cologne : |
| Name of publisher, distributor, etc | Daab, |
| Date of publication, distribution, etc | 2007. |
| 300 ## - PHYSICAL DESCRIPTION | |
| Extent | 381 pages : |
| Other physical details | illustrations (some color) ; |
| Dimensions | 24 cm |
| 500 ## - GENERAL NOTE | |
| General note | Includes index. |
| 546 ## - LANGUAGE NOTE | |
| Language note | Text in English, German, Spanish, French and Italian. |
| 650 #7 - SUBJECT ADDED ENTRY--TOPICAL TERM | |
| Topical term or geographic name as entry element | Architecture |
| Geographic subdivision | America |
| General subdivision | History |
| Chronological subdivision | 21st century. |
| Source of heading or term | BUEsh |
| 9 (RLIN) | 20976 |
| 650 #7 - SUBJECT ADDED ENTRY--TOPICAL TERM | |
| Topical term or geographic name as entry element | Young architects |
| Geographic subdivision | America. |
| Source of heading or term | BUEsh |
| 9 (RLIN) | 20977 |
| 653 ## - INDEX TERM--UNCONTROLLED | |
| Resource For college | Engineering, Architecture |
| 655 ## - INDEX TERM--GENRE/FORM | |
| Form subdivision | Reading book |
| 700 1# - ADDED ENTRY--PERSONAL NAME | |
| Personal name | Cullerton, Erin, |
| Relator term | editor. |
| 9 (RLIN) | 20978 |
| 700 1# - ADDED ENTRY--PERSONAL NAME | |
| Personal name | Galindo, Michelle, |
| Relator term | editor. |
| 9 (RLIN) | 20979 |
| 942 ## - ADDED ENTRY ELEMENTS (KOHA) | |
| Source of classification or shelving scheme | Dewey Decimal Classification |
| Koha item type | Book - Borrowing |
| Withdrawn status | Lost status | Source of classification or shelving scheme | Damaged status | Not for loan | Collection code | Home library | Current library | Shelving location | Date acquired | Source of acquisition | Total Checkouts | Total Renewals | Full call number | Barcode | Date last seen | Date checked out | Price effective from | Koha item type |
|---|---|---|---|---|---|---|---|---|---|---|---|---|---|---|---|---|---|---|
| Dewey Decimal Classification | Alahram | Central Library | Central Library | Second Floor | 04/11/2010 | Purchase | 3 | 9 | 720.9227 YOU | 000022509 | 15/07/2025 | 21/04/2013 | 04/11/2010 | Book - Borrowing |